000 00891nam a22001817a 4500
005 20260415081407.0
008 260415b |||||||| |||| 00| 0 eng d
040 _aLC
_cUNZA
_dUNZA
_eRDA
050 _aZAMB BV 365
_bAMB
100 _aAmbali, Augustine
245 _aThirty years in Nyasaland
_cAugustine Ambali
260 _aLondon :
_bUniversities’ Mission to Central Africa,
_c[n.d].
300 _a63 pages :
_billustrations.
504 _aA historical and missionary account of the early work of the Universities' Mission to Central Africa Describes social, religious, and political conditions in Nyasaland during the mid-19th century Includes observations on indigenous communities, missionary challenges, and the influence of Christianity
650 _aMissions,
_x Anglican
_xHistory
_zMalawi.
650 _aUniversities' Mission to Central Africa
_xHistory.
942 _cZAMBIANA
999 _c216603
_d216603